Sports Quiz

Random Sports or Baseball Quiz

MLB - Last 10 Different Yearly Wins Leaders by Team Quiz Stats

 Plays Quiz not verified by Sporcle

Score 0/300 Timer 20:00
0 Plays Today
Answer % Correct
Randy Johnson
96.6%
Randy Johnson
96.6%
Randy Johnson
96.6%
Josh Johnson
96.4%
Jason Johnson
96.3%
Felix Hernandez
94.8%
Roberto Hernandez
94.7%
Livan Hernandez
94.6%
Justin Verlander
94.1%
Zack Greinke
93.6%
Zack Greinke
93.6%
CC Sabathia
93.4%
CC Sabathia
93.4%
Cliff Lee
93.3%
Cliff Lee
93.3%
Max Scherzer
92.7%
Max Scherzer
92.7%
Ervin Santana
91.8%
Ervin Santana
91.8%
Johan Santana
91.8%
Clayton Kershaw
91.7%
David Price
90.8%
Jon Lester
89.9%
Jon Lester
89.6%
Chris Carpenter
89.2%
Roy Halladay
89%
Roy Halladay
89%
Jeff Samardzija
88.4%
Adam Wainwright
88.3%
Tim Lincecum
88.1%
Mark Buehrle
87.8%
Mark Buehrle
87.8%
Mark Buehrle
87.8%
Cole Hamels
87.6%
James Shields
87.5%
James Shields
87.5%
James Shields
87.5%
Tim Hudson
87.3%
Bartolo Colon
86.6%
Bartolo Colon
86.6%
Bartolo Colon
86.6%
Johnny Cueto
86.3%
Roy Oswalt
86.3%
Tom Glavine
85.9%
Jose Fernandez
85.7%
Chris Sale
85.4%
Corey Kluber
84.7%
Jered Weaver
84.7%
Jake Arrieta
84.6%
Jeff Weaver
84.6%
Madison Bumgarner
84.6%
Matt Cain
84.5%
John Smoltz
84.4%
Ubaldo Jimenez
84.4%
Ubaldo Jimenez
84.4%
Gio Gonzalez
84.4%
Gio Gonzalez
84.4%
Brandon Webb
83.3%
Carlos Zambrano
82.7%
Mike Mussina
82%
Drew Pomeranz
81.3%
J.A. Happ
81.2%
R.A. Dickey
81.1%
A.J. Burnett
81.1%
R.A. Dickey
81.1%
Dallas Keuchel
81%
Josh Beckett
80.5%
John Lackey
79.9%
John Lackey
79.9%
Travis Wood
78.9%
C.J. Wilson
78.2%
C.J. Wilson
78.2%
Paul Wilson
78.1%
Ben Sheets
77.2%
Jamie Moyer
77.1%
Francisco Liriano
76.7%
Francisco Liriano
76.7%
Alex Cobb
76.6%
Rick Porcello
76.5%
Jacob deGrom
76.5%
Freddy Garcia
76%
Gerrit Cole
75.6%
Danny Duffy
74.8%
Chris Sale
74.5%
Yu Darvish
73.7%
Bronson Arroyo
72.9%
Kenny Rogers
72.4%
Edinson Volquez
72.2%
Edinson Volquez
72.2%
Edinson Volquez
72.2%
Dan Haren
72.1%
Sonny Gray
72%
Aaron Harang
71.7%
Aaron Harang
71.7%
Aaron Harang
71.7%
Martin Perez
71.1%
Jason Schmidt
70.7%
Chris Archer
70.3%
Derek Lowe
70.1%
Derek Lowe
70.1%
Answer % Correct
Phil Hughes
70.1%
Phil Hughes
70.1%
Yovani Gallardo
69.9%
Clay Buchholz
69.7%
Masahiro Tanaka
69.2%
Wade Miller
69%
Dontrelle Willis
68.4%
Scott Kazmir
68.4%
Scott Kazmir
68.4%
Edwin Jackson
68.3%
Ian Kennedy
68.2%
Ian Kennedy
68.2%
Woody Williams
68.2%
Wandy Rodriguez
66.8%
Randy Wells
66.8%
Javier Vazquez
65.8%
Javier Vazquez
65.8%
Javier Vazquez
65.8%
Luis Severino
65.8%
Jeremy Hellickson
65.8%
Jordan Zimmermann
63.7%
Matt Morris
63%
Doug Davis
62.9%
Doug Fister
62.1%
Collin McHugh
61.3%
Chien-Ming Wang
60.6%
Michael Wacha
59.8%
Julio Teheran
59.6%
Jorge De La Rosa
59.6%
Rubby De La Rosa
59.5%
Kevin Millwood
59.1%
Yordano Ventura
59%
Oliver Perez
58.4%
Wei-Yin Chen
58.4%
Bruce Chen
58.3%
Jeremy Bonderman
57.9%
Hideo Nomo
57.9%
Russ Ortiz
57.7%
Colby Lewis
57.2%
Chris Tillman
57%
Brett Anderson
57%
Matt Garza
56.9%
Daisuke Matsuzaka
56.8%
Ryan Dempster
56.3%
Carl Pavano
55.9%
Esteban Loaiza
55.1%
Ramon Ortiz
54.6%
Brad Penny
54.6%
Ramon Ortiz
54.6%
Russ Ortiz
54.6%
Aaron Cook
54.5%
Jeff Francis
54.1%
Carlos Carrasco
53.4%
Erik Bedard
53.1%
Kendall Graveman
52.5%
J.A. Happ
52.1%
Darryl Kile
52.1%
Hisachi Iwakuma
51.8%
Kyle Lohse
51.5%
Matt Moore
51.4%
Garrett Richards
51.1%
Matt Harrison
50.9%
John Danks
50.3%
Jon Garland
50.2%
Jon Garland
50.2%
Jeff Samardzija
49.4%
Derek Holland
49.2%
Lance Lynn
49.1%
Luis Perdomo
48.8%
Jose Urena
48.6%
Brett Myers
47.5%
Aaron Nola
47.4%
Kenta Maeda
47.1%
Johnny Cueto
47%
Marcus Stroman
46.9%
Clayton Richard
45.4%
Wade Miley
45%
Wade Miley
45%
Chad Bettis
44.6%
Ted Lilly
44.5%
Carlos Martinez
44.4%
Tyson Ross
43.9%
Jeremy Guthrie
43.5%
Jeremy Guthrie
43.5%
Rodrigo Lopez
43.3%
Joe Blanton
42.9%
Jon Lieber
42.7%
Chad Billingsley
42.5%
Sidney Ponson
42%
Henderson Alvarez
41.8%
Cole Hamels
41.6%
Ryan Vogelsong
41.2%
Mike Leake
41%
Jeff Suppan
40.8%
Jeff Suppan
40.8%
Nate Robertson
40.7%
Ricky Nolasco
40.7%
Jeriome Robertson
40.6%
Zack Greinke
40.1%
Mat Latos
40.1%
Answer % Correct
Mat Latos
40.1%
Danny Salazar
40.1%
Justin Masterson
39.6%
Jarrod Washburn
39.4%
Jake Westbrook
38.8%
Hiroki Kuroda
38.1%
Gil Meche
37.5%
Zach Duke
37.5%
Scott Feldman
37.4%
Ricky Romero
37.2%
Jair Jurrjens
35.5%
Mike Maroth
35.1%
Jose Lima
34.8%
Gavin Floyd
34.7%
Nathan Eovaldi
33.8%
Patrick Corbin
32.2%
Mike Pelfrey
31.9%
Steve Trachsel
31.5%
German Marquez
31.1%
Scott Baker
30.9%
Aaron Sele
30.9%
John Maine
30.7%
Trevor Cahill
30.6%
Zach Davies
30.2%
Miguel Batista
29.8%
Chris Capuano
29.8%
Miguel Batista
29.8%
Miguel Gonzalez
29.4%
Jhoulys Chacin
29%
Gustavo Chacin
28.9%
Paul Maholm
28.8%
Paul Maholm
28.8%
Jimmy Nelson
28.7%
Ervin Santana
28.5%
Joe Saunders
28.4%
Jarrod Parker
28.1%
Kris Medlen
27.9%
Dillon Gee
27.4%
Kyle Kendrick
27.2%
Vicente Padilla
26.1%
John Lannan
26%
Kirk Rueter
25.6%
Kyle Gibson
25.2%
Alfredo Simon
25.1%
Josh Collmenter
24.8%
Derek Holland
24.6%
Wily Peralta
23.4%
Jason Vargas
23.3%
Brandon Morrow
23.1%
Mike Foltynewicz
22.7%
Jake Odorizzi
21.8%
Tom Koehler
20.6%
Jhoulys Chacin
19.4%
Charlie Morton
19.3%
Jason Vargas
17.9%
Shawn Estes
17.8%
Michael Fulmer
17.7%
Juan Nicasio
17.2%
Dave Bush
17.1%
Anthony DeSclafani
16.9%
Kevin Correia
16.4%
Kevin Correia
16.4%
Josh Tomlin
15.7%
Tommy Milone
15.1%
Mike Sirotka
14.1%
Mark Hendrickson
13.4%
Dan Straily
13.2%
James Paxton
13.2%
Brian Bannister
13.1%
Mark Redman
12.1%
Zach Britton
11.9%
Scott Olsen
11.2%
Brett Cecil
11.2%
Tom Gorzelanny
10.9%
Sean Manaea
10.8%
Jeff Niemann
10.7%
Brian Duensing
10.6%
Tyler Duffey
10.1%
Dylan Bundy
9.9%
Darren Oliver
9.9%
Noah Lowry
9.9%
Josh Towers
9.9%
Armando Galarraga
9.7%
Felix Doubront
9.6%
Scott Diamond
9.3%
J.C. Ramirez
9.2%
Braden Looper
7.8%
Ken Giles
7.4%
Kaz Ishii
7.2%
Tim Redding
6.5%
Jordan Lyles
6.2%
Ross Ohlendorf
6%
Lucas Harrell
5.2%
Eric Stults
5%
Ron Villone
4.6%
David Huff
4.4%
Tyler Clippard
4.3%
Michael Lorenzen
3.2%
Rex Brothers
2.2%
Jon Rauch
1.8%

You're not logged in!

Compare scores with friends on all Sporcle quizzes.
Join for Free
OR
Log In

You Might Also Like...

Show Comments

Extras

Top Quizzes Today


Score Distribution

Your Account Isn't Verified!

In order to create a playlist on Sporcle, you need to verify the email address you used during registration. Go to your Sporcle Settings to finish the process.

Report this User

Report this user for behavior that violates our Community Guidelines.

Details: